<?xml version="1.0" encoding="UTF-8"?><?xml-stylesheet type="text/xsl" href="static/style.xsl"?><OAI-PMH xmlns="http://www.openarchives.org/OAI/2.0/" xmlns:xsi="http://www.w3.org/2001/XMLSchema-instance" xsi:schemaLocation="http://www.openarchives.org/OAI/2.0/ http://www.openarchives.org/OAI/2.0/OAI-PMH.xsd"><responseDate>2026-04-14T06:40:30Z</responseDate><request verb="GetRecord" identifier="oai:www.recercat.cat:10230/42222" metadataPrefix="marc">https://recercat.cat/oai/request</request><GetRecord><record><header><identifier>oai:recercat.cat:10230/42222</identifier><datestamp>2025-12-23T20:53:39Z</datestamp><setSpec>com_2072_6</setSpec><setSpec>col_2072_452954</setSpec></header><metadata><record xmlns="http://www.loc.gov/MARC21/slim" xmlns:dcterms="http://purl.org/dc/terms/" xmlns:xsi="http://www.w3.org/2001/XMLSchema-instance" xmlns:doc="http://www.lyncode.com/xoai" xsi:schemaLocation="http://www.loc.gov/MARC21/slim http://www.loc.gov/standards/marcxml/schema/MARC21slim.xsd">
   <leader>00925njm 22002777a 4500</leader>
   <datafield ind2=" " ind1=" " tag="042">
      <subfield code="a">dc</subfield>
   </datafield>
   <datafield ind2=" " ind1=" " tag="720">
      <subfield code="a">Gutierrez Tordera, Laia</subfield>
      <subfield code="e">author</subfield>
   </datafield>
   <datafield ind2=" " ind1=" " tag="260">
      <subfield code="c">2019-08-01T08:18:24Z</subfield>
   </datafield>
   <datafield ind2=" " ind1=" " tag="260">
      <subfield code="c">2019-08-01T08:18:24Z</subfield>
   </datafield>
   <datafield ind2=" " ind1=" " tag="260">
      <subfield code="c">2019-08-01</subfield>
   </datafield>
   <datafield ind2=" " ind1=" " tag="520">
      <subfield code="a">Treball de fi de grau en Biologia Humana</subfield>
   </datafield>
   <datafield ind2=" " ind1=" " tag="520">
      <subfield code="a">Tutors: Ruth Muñoz Risueño i Mariano Sentí Clapés</subfield>
   </datafield>
   <datafield ind2=" " ind1=" " tag="520">
      <subfield code="a">Since the discovery of leukemic stem cells by Dick and Bonnet in 1996, therapeutic targets have been searched to specifically eliminate this population and, thus, avoid recurrent episodes of relapse in these patients. To date, different molecular targets have been identified in the population of leukemic stem cells that can be pharmacologically modulated. The therapeutic targets for which a drug has been developed and the clinical trials in patients with AML are identified and correlated with the published preclinical data. The therapeutic targets and drugs described against leukemic stem cells are searched in journals indexed in MedLine. The preclinical regulatory reports are searched on the website of the FDA (US Food and Drug Administration). To identify the approved clinical trials, the registry www.clinicaltrial.gov is consulted. Therapeutic targets or drugs are grouped according to their mechanism of action and efficacy in clinical trials and a search is made to identify which preclinical data are critical for predicting positive results in patients. The analysis will allow the development of a method to identify the clinical potential of preclinical studies described with drugs against leukemic stem cells.</subfield>
   </datafield>
   <datafield tag="653" ind2=" " ind1=" ">
      <subfield code="a">Leucèmia</subfield>
   </datafield>
   <datafield tag="653" ind2=" " ind1=" ">
      <subfield code="a">Cèl·lules mare</subfield>
   </datafield>
   <datafield tag="653" ind2=" " ind1=" ">
      <subfield code="a">Medicaments</subfield>
   </datafield>
   <datafield tag="653" ind2=" " ind1=" ">
      <subfield code="a">Medicaments -- Disseny</subfield>
   </datafield>
   <datafield tag="653" ind2=" " ind1=" ">
      <subfield code="a">Assaigs clínics</subfield>
   </datafield>
   <datafield ind2="0" ind1="0" tag="245">
      <subfield code="a">Targeting acute myeloid leukemia stem cell: current status and clinical application</subfield>
   </datafield>
</record></metadata></record></GetRecord></OAI-PMH>